Sistema para el manejo y control de reportes de fallas de soporte tecnico / Victor Manuel Hern ndez Gatica (Registro nro. 18484)

Detalles MARC
000 -LÍDER
fixed length control field 00554nam a2200133 4500
008 - ELEMENTOS DE LONGITUD FIJA -- INFORMACIÓN GENERAL
fixed length control field 0 2005 0a 000 0MEX
050 ## - SIGNATURA TOPOGRAFICA DE LA BIBLIOTECA DEL CONGRESO (LC)
Número de Clasificación QA76.27 MR5 H3 2005
082 ## - NUMERO DE CLASIFICACION DECIMAL DEWEY
Número de Clasificación 001.6 H3s
100 ## - ASIENTO PRINCIPAL--NOMBRE PERSONAL
Nombre personal Hern ndez Gatica, Victor Manuel
245 ## - TÍTULO
Título Sistema para el manejo y control de reportes de fallas de soporte tecnico / Victor Manuel Hern ndez Gatica
300 ## - DESCRIPCIÓN FÍSICA
Extensión 69 p. / 29 cm.
502 ## - NOTA DE TESIS
Nota de tesis Memoria de residencia profesional. Opcón x. I.T.Z. (Informatica) M.C. José Antonio Hern ndez Reyes
650 ## - ASIENTO SECUNDARIO DE MATERIA - TERMINO TEMÁTICO
Término temático o nombre geográfico como elemento de entrada 1.BASE DE DATOS \ 2.DISEÑO DEL SISTEMA
Existencias
No. biblioteca No. biblioteca Número de clasificación Código de barras/Número de adquisición Número de copia Tipo de material
TESIS INFORMÁTICA TESIS INFORMÁTICA 001.6 H3s LI141-2005 1 Tesis
Calzada Tecnológico # 27, Zacatepec, Morelos.
01(734) 343-07-23 / 343-21-10 / 343-21-11
Apdo. Postal 45 C.P 62780